Đánh giá hiệu quả của các chương trình phục hồi rừng ngập mặn tỉnh Cà Mau : Luận văn tốt nghiệp chuyên ngành Môi trường và Quản lý tài nguyên thiên nhiên
Đề tài nghiên cứu tổng kết lại các chương trình phục hồi rừng ngập mặn tỉnh Cà Mau, phân tích tính hiệu quả của các chương trình này, góp phần nâng cao hiệu quả cho các chương trình phục hồi RNM được triển khai sau này ở tỉnh Cà Mau nói...
Uloženo v:
| Hlavní autor: | |
|---|---|
| Médium: | Kniha |
| Jazyk: | Undetermined |
| Vydáno: |
Cần Thơ
Trường Đại học Cần Thơ
2004
|
| Témata: | |
| Tagy: |
Přidat tag
Žádné tagy, Buďte první, kdo otaguje tento záznam!
|
| Thư viện lưu trữ: | Trung tâm Học liệu Trường Đại học Cần Thơ |
|---|
| LEADER | 01309nam a2200205Ia 4500 | ||
|---|---|---|---|
| 001 | CTU_143565 | ||
| 008 | 210402s9999 xx 000 0 und d | ||
| 082 | |a 634.97342 | ||
| 082 | |b Kh107 | ||
| 100 | |a Lê, Đình Vân Khanh | ||
| 245 | 0 | |a Đánh giá hiệu quả của các chương trình phục hồi rừng ngập mặn tỉnh Cà Mau : | |
| 245 | 0 | |b Luận văn tốt nghiệp chuyên ngành Môi trường và Quản lý tài nguyên thiên nhiên | |
| 245 | 0 | |c Lê Đình Vân Khanh; Nguyễn Văn Bé, Lê Quang Trí (Giáo viên hướng dẫn) | |
| 260 | |a Cần Thơ | ||
| 260 | |b Trường Đại học Cần Thơ | ||
| 260 | |c 2004 | ||
| 520 | |a Đề tài nghiên cứu tổng kết lại các chương trình phục hồi rừng ngập mặn tỉnh Cà Mau, phân tích tính hiệu quả của các chương trình này, góp phần nâng cao hiệu quả cho các chương trình phục hồi RNM được triển khai sau này ở tỉnh Cà Mau nói riêng và Đồng bằng sông Cửu Long nói chung. | ||
| 650 | |a Forests and forestry,Mangrove,Rừng ngập mặn | ||
| 904 | |i Năm | ||
| 980 | |a Trung tâm Học liệu Trường Đại học Cần Thơ | ||